A szakképzés múltja és jelene A cukrászképzés

Bibliographic Details
Main Author: Molnár Ferenc
Other Authors: Endrődyné Bató Éva
Format: Thesis
Kulcsszavak:szakmai képzés
cukrászat
szakmai és vizsgakövetelmények
Online Access:http://dolgozattar.uni-bge.hu/2919

MARC

LEADER 00000nta a2200000 i 4500
001 dolg2919
005 20160304141510.0
008 150515suuuu hu om 000 hun d
040 |a BGE Dolgozattár Repozitórium  |b hun 
041 |a hu 
100 1 |a Molnár Ferenc 
245 1 2 |a A szakképzés múltja és jelene A cukrászképzés  |c Molnár Ferenc  |h [elektronikus dokumentum] 
246 1 1 |a A szakképzés múltja és jelene - A cukrászképzés 
695 |a szakmai képzés  
695 |a cukrászat 
695 |a szakmai és vizsgakövetelmények 
700 1 |a Endrődyné Bató Éva  |e ths 
856 4 0 |u http://dolgozattar.uni-bge.hu/2919/1/Szakdolgozat_Moln%C3%A1r.pdf  |z Dokumentum-elérés